=LDR 00000nam 2200000 4500 =001 INLIS000000000027758 =005 20130612130117 =008 ***********************************Ind** =035 ##$$0010-061300000027758 =041 ##$$a Ind =082 ##$$a 155.3 =090 ##$$a 155.3, Ind p =100 ##$$a Indracaya, Anton =245 ##$$a Psikoseksual, menyingkap tirai seksualitas, oleh Anton Indracaya ; editor, Ita Sembiring =260 ##$$a 2004 $b Yogyakarta =300 ##$$a xxii, 260 hlm, 17 cm =650 ##$$a Psikologi Seksualitas =850 ##$$a NBPNMAT